El valle de los cocuyos / (Registro nro. 60725)

Detalles MARC
000 -CABECERA
Longitud fija campo de control 01850nam a2200409 c 4500
003 - • IDENTIFICADOR DELl NÚMERO DE CONTROL
Identificador del número de control CO-BoRNBP
005 - • FECHA Y HORA DE LA ÚLTIMA TRANSACCIÓN
Fecha y hora de la última transacción 20260317165327.0
007 - • CAMPO FIJO DE DESCRIPCIÓN FÍSICA
Campo fijo de descripción física ta
008 - • CÓDIGOS DE INFORMACIÓN DE LONGITUD FIJA
Códigos de información de longitud fija 210802r20102019ck a0 scr 0j 00s fdspa d
020 ## - • NÚMERO INTERNACIONAL NORMALIZADO PARA LIBROS
Número Internacional Normalizado para Libros (ISBN) 9789587051643
040 ## - FUENTE DE LA CATALOGACIÓN
Centro catalogador de origen CO-BoRNBP
Lengua de catalogación spa
Normas de descripción rda
Centro transcriptor CO-BoRNBP
041 0# - • CÓDIGO DE LENGUA
Código de lengua del texto/banda sonora o título independiente spa
043 ## - CÓDIGO DE ÁREA GEOGRÁFICA
Código de área geográfica s-ck---
084 ## - • Clasificación Local Alfanúmerica PNLB
Número de clasificación N
100 10 - • PUNTO DE ACCESO PRINCIPAL-NOMBRE DE PERSONA
Nombre de persona Díaz, Gloria Cecilia,
Fechas asociadas al nombre 1951-
Término indicativo de función aut
245 13 - • TITULO PROPIAMENTE DICHO
Título El valle de los cocuyos /
Mención de responsabilidad, etc. Gloria Cecilia Díaz ; ilustraciones de Claudia Rueda.
250 ## - • MENCIÓN DE EDICIÓN
Mención de edición Segunda edición
Resto de la mención de edición Décima reimpresión
264 #1 - PRODUCCIÓN, PUBLICACIÓN , DISTRIBUCIÓN, FABRICACIÓN Y COPYRIGHT
Lugar de producción, publicación, distribución, fabricación Bogotá, Colombia :
Nombre del productor, editor, distribuidor, fabricante Ediciones SM,
Fecha de de producción, publicación, distribución, fabricación o copyright 2019
300 ## - • DESCRIPCIÓN FÍSICA
Extensión 79 páginas :
Otras características físicas ilustraciones a color
336 ## - TIPO DE CONTENIDO
Término de tipo de contenido texto
Código de tipo de contenido txt
Fuente rdacontent
337 ## - TIPO DE MEDIO
Nombre del tipo de medio sin mediación
Código del tipo de medio n
Fuente rdamedia
338 ## - TIPO DE SOPORTE
Nombre del tipo de soporte volumen
Código del tipo de soporte nc
Fuente rdacarrier
490 0# - • MENCIÓN DE SERIE
Mención de serie El barco de vapor. Naranja
-- 9/C
500 ## - • NOTA GENERAL
Nota general El material correspondiente a la dotación PNLB 2022 con código FRURAL-2022-00028, corresponde a la décima reimpresión de 2019
500 ## - • NOTA GENERAL
Nota general El material correspondiente a la dotación PNLB 2022 con código RURAL-2022-00063, corresponde a la novena reimpresión de 2019
500 ## - • NOTA GENERAL
Nota general El material correspondiente a la dotación PNLB 2022 con código URBANA-2022-00103, corresponde a la sexta reimpresión de 2016
521 ## - • NOTA DE PÚBLICO DESTINATARIO
Nota público destinatario (R ) Recomendado para un público mayor de 12 años
545 ## - DATOS BIOGRÁFICOS O HISTÓRICOS
Datos bigr´ficos o históricos Incluye datos biográficos de la autora al final del texto
586 ## - • NOTA DE PREMIOS
Nota de premios Autora galardonada con el Premio Barco de Vapor, 1985. II Premio Iberoamericano SM de Literatura Infantil y Juvenil, 2006
650 17 - • PUNTO DE ACCESO ADICIONAL DE MATERIA - TÉRMINO DE MATERIA
Término de materia o nombre geográfico como elemento inicial Fantasía
Subdivisión de forma Novela
Fuente del encabezamiento o término lemb
650 17 - • PUNTO DE ACCESO ADICIONAL DE MATERIA - TÉRMINO DE MATERIA
Término de materia o nombre geográfico como elemento inicial Historias de aventuras
Subdivisión de forma Novela
Fuente del encabezamiento o término lemb
650 17 - • PUNTO DE ACCESO ADICIONAL DE MATERIA - TÉRMINO DE MATERIA
Término de materia o nombre geográfico como elemento inicial Literatura juvenil Colombiana
Subdivisión cronológica Siglo XX
Fuente del encabezamiento o término rnbp
650 17 - • PUNTO DE ACCESO ADICIONAL DE MATERIA - TÉRMINO DE MATERIA
Término de materia o nombre geográfico como elemento inicial Novela juvenil colombiana
Subdivisión cronológica Siglo XX
Fuente del encabezamiento o término rnbp
700 10 - • PUNTO DE ACCESO ADICIONAL - NOMBRE DE PERSONA
Nombre de persona Rueda, Claudia,
Fechas asociadas al nombre 1965- ,
Término indicativo de función ill
942 ## - ENTRADA DE ELEMENTOS AGREGADOS (KOHA)
Fuente de clasificaión o esquema
Koha [por defecto] tipo de item Libro Literatura

No hay ítems disponibles.










Instituto Departamental de Cultura del Meta - Red Departamental de Bibliotecas Públicas del Meta.